000 00403nam a2200181Ia 4500
001 1955
005 20260306143806.0
008 260306t2011||||xx |||||||||||||| ||spa||
041 _aESP
082 _a158.4
_bP19
100 _aPadró, Santi
_eAUT
245 0 _aPalabra de Barca
260 _c2011
300 _a173 páginas :
_c21cm.
650 _aGEN
654 _aCPS
942 _cLIB
_dJUS
_fJUS
_2ddc
_n
999 _c1955
_d1955